Clinical psychology : (Record no. 17553)
[ view plain ]
| 000 -LEADER | |
|---|---|
| fixed length control field | 00783cam a22002297a 4500 |
| 001 - CONTROL NUMBER | |
| control field | 15425247 |
| 005 - DATE AND TIME OF LATEST TRANSACTION | |
| control field | 20130925154319.0 |
| 008 - FIXED-LENGTH DATA ELEMENTS--GENERAL INFORMATION | |
| fixed length control field | 080823s2008 enka b 001 0 eng |
| 010 ## - LIBRARY OF CONGRESS CONTROL NUMBER | |
| LC control number | 2008426879 |
| 020 ## - INTERNATIONAL STANDARD BOOK NUMBER | |
| International Standard Book Number | 9780340928899 (pbk.) |
| 082 00 - DEWEY DECIMAL CLASSIFICATION NUMBER | |
| Classification number | 616.89 |
| Edition number | 22 |
| Item number | CLI |
| 245 00 - TITLE STATEMENT | |
| Title | Clinical psychology : |
| Remainder of title | topics in applied psychology / |
| Statement of responsibility, etc | edited by Graham C.L. Davey. |
| 260 ## - PUBLICATION, DISTRIBUTION, ETC. (IMPRINT) | |
| Place of publication, distribution, etc | London : |
| Name of publisher, distributor, etc | Hodder Education, |
| Date of publication, distribution, etc | c2008. |
| 300 ## - PHYSICAL DESCRIPTION | |
| Extent | vi, 275 p. : |
| Other physical details | ill. ; |
| Dimensions | 25 cm. |
| 440 #0 - | |
| -- | Topics in applied psychology |
| -- | 33751 |
| 504 ## - BIBLIOGRAPHY, ETC. NOTE | |
| Bibliography, etc | Includes bibliographical references (p. [249]-264) and index. |
| 650 #0 - SUBJECT ADDED ENTRY--TOPICAL TERM | |
| Topical term or geographic name as entry element | Clinical psychology. |
| 9 (RLIN) | 30633 |
| 650 12 - SUBJECT ADDED ENTRY--TOPICAL TERM | |
| Topical term or geographic name as entry element | Psychology, Clinical |
| General subdivision | methods. |
| 9 (RLIN) | 33752 |
| 653 ## - INDEX TERM--UNCONTROLLED | |
| Resource For college | |
| Arrived date list | September2013 |
| 700 1# - ADDED ENTRY--PERSONAL NAME | |
| Personal name | Davey, Graham. |
| 9 (RLIN) | 33753 |
| 942 ## - ADDED ENTRY ELEMENTS (KOHA) | |
| Source of classification or shelving scheme | Dewey Decimal Classification |
| Item type | Book - Borrowing |
| Withdrawn status | Item status | Source of classification or shelving scheme | Damaged status | Not for loan | Vendor | Home library | Current library | Shelving location | Date acquired | Source of acquisition | Total Checkouts | Full call number | Barcode | Date last seen | Koha item type | Total Renewals | Checked out | Date last borrowed |
|---|---|---|---|---|---|---|---|---|---|---|---|---|---|---|---|---|---|---|
| Dewey Decimal Classification | Baccah | Central Library | Central Library | First floor | 25/09/2013 | 616.89 CLI | 000028963 | 15/07/2025 | NB - Book (Non borrowing) | |||||||||
| Dewey Decimal Classification | Central Library | Central Library | First floor | 25/09/2013 | 616.89 CLI | 000028964 | 15/07/2025 | Book - Borrowing | ||||||||||
| Dewey Decimal Classification | Central Library | Central Library | First floor | 25/09/2013 | 2 | 616.89 CLI | 000028965 | 17/12/2025 | Book - Borrowing | 26 | 28/04/2026 | 17/12/2025 | ||||||
| Dewey Decimal Classification | Central Library | Central Library | First floor | 25/09/2013 | 616.89 CLI | 000028966 | 15/07/2025 | Book - Borrowing | ||||||||||
| Dewey Decimal Classification | Central Library | Central Library | First floor | 25/09/2013 | 616.89 CLI | 000028967 | 15/07/2025 | Book - Borrowing | ||||||||||
| Dewey Decimal Classification | Central Library | Central Library | First floor | 25/09/2013 | 616.89 CLI | 000028968 | 15/07/2025 | Book - Borrowing | ||||||||||
| Dewey Decimal Classification | Central Library | Central Library | First floor | 25/09/2013 | 616.89 CLI | 000028969 | 15/07/2025 | Book - Borrowing | ||||||||||
| Dewey Decimal Classification | Central Library | Central Library | First floor | 25/09/2013 | 1 | 616.89 CLI | 000028970 | 15/07/2025 | Book - Borrowing | 2 | 24/02/2020 | |||||||
| Dewey Decimal Classification | Central Library | Central Library | First floor | 25/09/2013 | 616.89 CLI | 000028971 | 15/07/2025 | Book - Borrowing | ||||||||||
| Dewey Decimal Classification | Central Library | Central Library | First floor | 25/09/2013 | 616.89 CLI | 000028972 | 15/07/2025 | Book - Borrowing |